Americko-slovenský bankár Michal Bosák a vznik Československa v roku 1918

Americký bankár Michal Bosák, pôvodom zo Slovenska. Zásluhy Michala Bosáka - jeden zo signatárov historickej Pittsburskej dohody, ktorá bola základom vzniku Československa. Spolupráca so Slovenskou ligou v Amerike. Milióndolárová zbierka pre Slovákov. Pittsburská dohoda.

Enregistré dans:
Détails bibliographiques
Auteur principal: Bosák, Martin, 1967-
Format: Chapitre de livre
Langue:slovaque
Sujets:
Tags: Ajouter un tag
Pas de tags, Soyez le premier à ajouter un tag!

MARC

LEADER 00000naa$a2200000$$$4500
001 0252264
005 20240502083721.6
041 0 |a slo 
044 |a CZ 
245 1 0 |a Americko-slovenský bankár Michal Bosák a vznik Československa v roku 1918  |c Martin Bosák 
520 |a Americký bankár Michal Bosák, pôvodom zo Slovenska. Zásluhy Michala Bosáka - jeden zo signatárov historickej Pittsburskej dohody, ktorá bola základom vzniku Československa. Spolupráca so Slovenskou ligou v Amerike. Milióndolárová zbierka pre Slovákov. Pittsburská dohoda. 
610 2 0 |a dejiny 
610 2 0 |a história 
610 2 0 |a štát 
610 2 0 |a podnikatelia 
610 2 0 |a dohody medzinárodné 
610 2 0 |a Československo 
610 2 0 |a USA 
100 1 |a Bosák, Martin, 1967-